00509 2200193 4500001002100000005001500021035002000036007000300056008004100059020002200100082000800122084001400130100002000144245004100164260004200205300003000247650002200277990001600299INLIS00000000000734820241010100620 a0010-1024000031ta241010 0 ind  a978-602-376-834-9 a658 a658 RIZ p0 aRizki pujiyanto1 aPerilaku konsumen /cRizki pujiyanto aYogyakarta :bpustakabarupress,c2023 aviii,168p :bilus ;c23cm 4aPerilaku konsumen a00000012695